000 00374 a2200109 4500
001 ART_4822
005 20260410161825.0
008 260409a
245 1 0 _aEl estado del arte de la sociología del trabajo en Argentina
100 1 _aNeffa, Julio César
773 0 _tRevista de trabajo
_gSociología del trabajo - Año 2, Nº 8 (jul./dic. 1995)
_wREV4713
999 _c22674
_d22674